000 00428nam a2200193Ia 4500
001 11571
003 GE_BSU
008 181216s||||||||xx |||||||||||||| ||und||
020 _a0140273913
040 _cGE_BSU
100 _aDobyns,Stephen
245 4 _aThe Church Of Dead Girls
260 _aLondon
260 _bPenguin Books
260 _c1997
300 _a441p;18cm.
653 _aThe Church Of Dead Girls
942 _cBK
999 _c44766
_d44766